Aqua Design and Play International Ltd and another v Kier Ltd (Record no. 72175)

MARC details
000 -LEADER
fixed length control field 01054cam a2200205 4500
001 - CONTROL NUMBER
control field X12140
008 - FIXED-LENGTH DATA ELEMENTS--GENERAL INFORMATION
fixed length control field 021211n2002 000 0 eng u
035 ## - SYSTEM CONTROL NUMBER
System control number (Sirsi) u121454
245 ## - TITLE STATEMENT
Title Aqua Design and Play International Ltd and another v Kier Ltd
260 ## - PUBLICATION, DISTRIBUTION, ETC.
Date of publication, distribution, etc. 2002
490 ## - SERIES STATEMENT
Series statement Construction Law Reports
Volume/sequential designation [2002] 82 Con LR 107-125(19)
520 ## - SUMMARY, ETC.
Summary, etc. CA 14 May 2002. The appellant (K) sought to overturn an earlier ruling that DOM/1 cl32, which stated that a contractor is only obliged to pay subcontractors when paid by the employer, was not incorporated into the contract (see Abs64856 for discussion). "Held": the appeal was allowed on the grounds that it was clear that the agreement referred to the uncorrected version (See Abs66196).
650 ## - SUBJECT ADDED ENTRY--TOPICAL TERM
Topical term or geographic name entry element PAY WHEN PAID
650 ## - SUBJECT ADDED ENTRY--TOPICAL TERM
Topical term or geographic name entry element AQUA DESIGN AND PLAY INTERNATIONAL LTD AND ANOTHER V KIER REGIONAL LTD
650 ## - SUBJECT ADDED ENTRY--TOPICAL TERM
Topical term or geographic name entry element DOM/1 CL32
650 ## - SUBJECT ADDED ENTRY--TOPICAL TERM
Topical term or geographic name entry element HOUSING GRANTS, CONSTRUCTION AND REGENERATION ACT 1996
650 ## - SUBJECT ADDED ENTRY--TOPICAL TERM
Topical term or geographic name entry element SUBCONTRACTS
690 ## - LOCAL SUBJECT ADDED ENTRY--TOPICAL TERM (OCLC, RLIN)
Topical term or geographic name as entry element BUILT ENVIRONMENT-BUILDING CONTRACT FORMS
942 ## - ADDED ENTRY ELEMENTS (KOHA)
Suppress in OPAC 0
Holdings
Withdrawn status Lost status Source of classification or shelving scheme Damaged status Not for loan Home library Current library Shelving location Date acquired Total Checkouts Full call number Barcode Date last seen Copy number Price effective from Koha item type
    Dewey Decimal Classification     London London Journal article 27/02/2003   X12140 121454-1001 06/08/2019 1 06/08/2019 Law report